Transition To An Online Mode During Covid-19
Dôsledky pandémie na duševné, fyzické a sociálne zdravie a život ľudí, keď takmer celý svet musel prejsť do online režimu. Vplyv pandémie na bežný pracovný život ľudí. Výsledky výskumu.
Gespeichert in:
| 1. Verfasser: | |
|---|---|
| Format: | Buchkapitel |
| Sprache: | Englisch |
| Schlagworte: | |
| Tags: |
Keine Tags, Fügen Sie das erste Tag hinzu!
|
MARC
| LEADER | 00000naa a2200000 4500 | ||
|---|---|---|---|
| 001 | 0288220 | ||
| 005 | 20240417075216.5 | ||
| 041 | 0 | |a eng | |
| 044 | |a CZ | ||
| 245 | 1 | 0 | |a Transition To An Online Mode During Covid-19 |c Lucie Šimáková |
| 520 | |a Dôsledky pandémie na duševné, fyzické a sociálne zdravie a život ľudí, keď takmer celý svet musel prejsť do online režimu. Vplyv pandémie na bežný pracovný život ľudí. Výsledky výskumu. | ||
| 610 | 2 | 0 | |a pandémia |
| 610 | 2 | 0 | |a svet |
| 610 | 2 | 0 | |a výkony pracovné |
| 610 | 2 | 0 | |a práca z domu |
| 610 | 2 | 0 | |a obyvateľstvo |
| 610 | 2 | 0 | |a zdravie duševné |
| 610 | 2 | 0 | |a výskum |
| 100 | 1 | |a Šimáková, Lucie | |